<?xml version="1.0" encoding="UTF-8"?>
<collection xmlns="http://www.loc.gov/MARC21/slim">
  <record>
    <leader>00000nam  2200000   4500</leader>
    <controlfield tag="001">INLIS000000000008628</controlfield>
    <controlfield tag="005">20260213011442</controlfield>
    <datafield tag="035" ind1="#" ind2="#">
      <subfield code="a">0010-0223000251</subfield>
    </datafield>
    <datafield tag="245" ind1="1" ind2="#">
      <subfield code="a">Sistem Informasi Akuntansi /</subfield>
      <subfield code="c">Samiaji Sarosa</subfield>
    </datafield>
    <datafield tag="100" ind1=" " ind2="#">
      <subfield code="a">SAMIAJI Sarosa</subfield>
    </datafield>
    <datafield tag="300" ind1="#" ind2="#">
      <subfield code="a">xii, 131 halaman :</subfield>
      <subfield code="b">gambar, tabel ;</subfield>
      <subfield code="c">17.5x25 cm</subfield>
    </datafield>
    <datafield tag="260" ind1="#" ind2="#">
      <subfield code="a">Jakarta :</subfield>
      <subfield code="b">PT Gramedia Widiasarana Indonesia,</subfield>
      <subfield code="c">2009</subfield>
    </datafield>
    <datafield tag="020" ind1="#" ind2="#">
      <subfield code="a">978-979-0257-17-7</subfield>
    </datafield>
    <datafield tag="650" ind1="#" ind2="4">
      <subfield code="a">Pendidikan Akuntansi</subfield>
    </datafield>
    <datafield tag="520" ind1="#" ind2="#">
      <subfield code="a">Buku ini membahas pemrosesan transaksi dengan menggunakan empat pendekatan siklus utama: Pendapatan, Pengeluaran, Pengajian, dan Manufaktur. Pembahasannya terperinci dengan contoh cara menggunakan Microsoft Office Access 2007 untuk membangun aplikasi sistem informasi akuntansi terkomputerisasi.</subfield>
    </datafield>
    <controlfield tag="008">260213###########################0#ind##</controlfield>
    <datafield tag="082" ind1="#" ind2="#">
      <subfield code="a">657.07</subfield>
    </datafield>
    <datafield tag="084" ind1="#" ind2="#">
      <subfield code="a">657.07 SAM s. 1</subfield>
    </datafield>
    <datafield tag="856" ind1="#" ind2="#">
      <subfield code="a">OPAC (Ruang Sirkulasi - Rak 10.4)</subfield>
    </datafield>
    <datafield tag="990" ind1="#" ind2="#">
      <subfield code="a">192/SP-22</subfield>
    </datafield>
  </record>
</collection>
